Spacebar Challenge With a Twist Quiz Stats

 Plays Quiz Updated Feb 28, 2014

Support Sporcle.
Go Orange.
Score 0/150 Timer 00:30
20 Plays Today
% Correct
99.5%
99.1%
98.9%
98.4%
93.1%
92.9%
92.9%
92.6%
91.1%
91%
91%
O
90.9%
90.6%
89.6%
89.6%
89.6%
O
89.4%
89.3%
88.5%
88.5%
88.5%
O
88.2%
88.1%
87.6%
87.5%
87.5%
87.2%
O
87.2%
86.3%
86.3%
86.3%
O
86.2%
85.9%
O
85.2%
85.2%
85.1%
85%
84.6%
O
84.2%
83.9%
83.8%
83.7%
83.3%
O
83.1%
82.5%
82.4%
82.3%
O
81.9%
81.8%
81.1%
% Correct
80.9%
80.8%
O
80.5%
80.2%
79.1%
78.9%
78.7%
O
78.7%
78.2%
77.1%
76.8%
O
76.8%
76.7%
76.1%
74.9%
O
74.8%
74.7%
74.5%
73.8%
72.5%
O
72.5%
72.2%
71.9%
71.1%
O
69.8%
69.8%
69.4%
69%
68.1%
O
66.7%
66.4%
66%
65.6%
64.7%
O
63.3%
63%
62.5%
62.1%
61.1%
O
59.7%
59.4%
58.8%
58.4%
57.3%
O
56%
55.6%
55%
54.5%
53.2%
O
51.9%
% Correct
51.4%
50.7%
50.2%
48.7%
O
47.3%
46.6%
45.9%
45.4%
44.1%
O
42.8%
42.2%
41.5%
40.9%
39.7%
O
38.4%
37.8%
37.1%
36.5%
35.2%
O
34.1%
33.5%
32.7%
32.2%
30.8%
O
29.8%
29.1%
28.4%
27.7%
26.3%
O
25.1%
24.5%
23.8%
23.2%
22%
O
21%
20.4%
19.9%
19.3%
18.2%
O
17.3%
16.9%
16.3%
15.8%
14.9%
O
14.1%
13.7%
13.2%
12.8%
11.8%
O
11.2%

You're not logged in!

Compare scores with friends on all Sporcle quizzes.
OR
Log In

From the Vault

Nintendo (NES) Games by Box Cover

by The_Dude

We're not so sure that games got much better than on the original NES.
Remove Ads.
Support Sporcle.
Get the best of Sporcle when you Go Orange. This ad-free experience offers more features, more stats, and more fun while also helping to support Sporcle. Thank you for becoming a member.

Show Comments

Extras

Top Quizzes Today


Score Distribution

Your Account Isn't Verified!

In order to create a playlist on Sporcle, you need to verify the email address you used during registration. Go to your Sporcle Settings to finish the process.

Report this User

Report this user for behavior that violates our Community Guidelines.

Details: